How to use corpora in language teaching
محفوظ في:
| مؤلفون آخرون: | |
|---|---|
| التنسيق: | كتاب |
| اللغة: | الإنجليزية |
| منشور في: |
Amsterdam, The Netherlands:
John Benjamins Publishing Company,
2004
|
| سلاسل: | Studies in Corpus Linguistics, 12
|
| الموضوعات: | |
| الوسوم: |
إضافة وسم
لا توجد وسوم, كن أول من يضع وسما على هذه التسجيلة!
|
MARC
| LEADER | 00000nam a2200000 a 4500 | ||
|---|---|---|---|
| 001 | UCL9514 | ||
| 003 | CL-VaPUC | ||
| 005 | 20220423074452.0 | ||
| 008 | 040813e20040000NE |||||||||||||||||eng|d | ||
| 999 | |c 310280 |d 310278 | ||
| 020 | |a 9027222835 | ||
| 040 | |c Pontificia Universidad Católica de Valparaíso | ||
| 082 | 0 | 4 | |a 418.00285 SIN 2004 |2 21 |
| 100 | 0 | |a Sinclair, John McHardy |e editor |9 487381 | |
| 245 | 1 | 0 | |a How to use corpora in language teaching |
| 260 | |a Amsterdam, The Netherlands: |b John Benjamins Publishing Company, |c 2004 | ||
| 300 | |a 307 páginas | ||
| 490 | 0 | |a Studies in Corpus Linguistics, 12 | |
| 500 | |a C.3 Donación Familia profesor Giovanni Parodi S. Memo 02/2022. 25-03-2022 | ||
| 583 | |a last modification |c 20040813 00:00:00 |k Rodrigo Vera | ||
| 650 | 0 | |a Educación lingüística |9 306506 | |
| 650 | 0 | |a Investigación lingüística |9 329785 | |
| 650 | 0 | |a Métodos de enseñanza |9 270413 | |
| 650 | 0 | |a Adquisición del lenguaje |9 309032 | |
| 650 | 0 | |a Programación de computadores |9 259531 | |
| 650 | 7 | |a Lingüística computacional |2 CL-VaPUC |9 487382 | |
| 942 | |c BK |2 ddc | ||
| 945 | |d 20040813 00:00:00 |a cmena | ||
| 952 | |0 0 |1 0 |4 0 |6 418_002850000000000_SIN_2004 |7 0 |8 A |9 378570 |a FDOPOS |b FDOPOS |d 2019-11-21 |i 4048547 |o 418.00285 SIN 2004 |p 4048547 |r 2025-01-22 |w 2019-11-21 |y BK |k MLA | ||
| 952 | |0 0 |1 0 |4 0 |6 418_002850000000000_SIN_2004 |7 0 |8 A |9 378571 |a FDOPOS |b FDOPOS |d 2019-11-21 |i 4153189 |o 418.00285 SIN 2004 |p 4153189 |r 2025-01-22 |w 2019-11-21 |y BK |k MLA | ||
| 952 | |0 0 |1 0 |2 ddc |4 0 |6 418_002850000000000_SIN_2004 |7 0 |8 C_GPS |9 582295 |a BIBEDU |b BIBEDU |c ES_NOD |d 2022-03-30 |e Donación |i 5650475 |l 2 |o 418.00285 SIN 2004 |p 5650475 |r 2023-08-09 |s 2022-05-24 |t 3 |w 2022-03-30 |y BK |k LIT | ||